Statystyki dla Państwa według martwych na covid-19 (6.06.2020)

Kliknij tutaj aby rozwiązać quiz!

Ogólne statystyki

  • Ten quiz został rozwiązany 19 razy
  • Średni wynik to 66 z 184

Statystyki odpowiedzi

Liczba MartwychKraj% Poprawnych
4,63 tysChiny
89%
8,76 tysNiemcy
89%
1,13 tysPolska
89%
5,52 tysRosja
89%
111 tysStany Zjednoczone
89%
27,1 tysHiszpania
84%
327Czechy
79%
907Japonia
79%
762Ukraina
79%
40,2 tysWielka Brytania
79%
160Bułgaria
74%
586Dania
74%
29,1 tysFrancja
74%
6,64 tysIndie
74%
7,70 tysKanada
74%
6,00 tysNiderlandy lub Holandia
74%
33,7 tysWłochy
74%
102Australia
68%
259Białoruś
68%
69Estonia
68%
322Finlandia
68%
238Norwegia
68%
1,46 tysPortugalia
68%
28Słowacja
68%
4,63 tysSzwecja
68%
4,64 tysTurcja
68%
632Argentyna
63%
672Austria
63%
35,0 tysBrazylia
63%
1,16 tysEgipt
63%
1,67 tysIrlandia
63%
10Islandia
63%
25Łotwa
63%
109Słowenia
63%
1,92 tysSzwajcaria
63%
9,56 tysBelgia
58%
103Chorwacja
58%
180Grecja
58%
1,77 tysIndonezja
58%
542Węgry
58%
9Czarnogóra
53%
13Gruzja
53%
292Izrael
53%
208Maroko
53%
13,1 tysMeksyk
53%
5,16 tysPeru
53%
1,31 tysRumunia
53%
247Serbia
53%
183Armenia
47%
17Cypr
47%
81Demokratyczna Republika Konga
47%
285Irak
47%
1,14 tysKolumbia
47%
83Kuba
47%
908Republika Południowej Afryki
47%
49Tunezja
47%
320Afganistan
42%
690Algieria
42%
51Andora
42%
642Arabia Saudyjska
42%
427Boliwia
42%
159Bośnia i Hercegowina
42%
1,44 tysChile
42%
525Dominikana
42%
8,13 tysIran
42%
111Jemen
42%
52Kazachstan
42%
244Kuwejt
42%
110Luksemburg
42%
149Macedonia
42%
65Niger
42%
333Nigeria
42%
72Oman
42%
45Senegal
42%
24Singapur
42%
20Wenezuela
42%
274Zjednoczone Emiraty Arabskie
42%
4Angola
37%
3,53 tysEkwador
37%
987Filipiny
37%
216Gwatemala
37%
23Gwinea
37%
10Jamajka
37%
22Kirgistan
37%
20Kongo
37%
5Libia
37%
1Liechtenstein
37%
323Mołdawia
37%
42San Marino
37%
79Somalia
37%
6Syria
37%
48Tadżykistan
37%
23Urugwaj
37%
16Uzbekistan
37%
33Albania
32%
82Azerbejdżan
32%
50Haiti
32%
248Honduras
32%
49Katar
32%
79Kenia
32%
28Liban
32%
9Malta
32%
43Mauretania
32%
11Paragwaj
32%
347Sudan
32%
10Sudan Południowy
32%
21Tanzania
32%
13Togo
32%
36Wybrzeże Kości Słoniowej
32%
2Belize
26%
19Etiopia
26%
42Ghana
26%
12Gujana
26%
116Malezja
26%
11Nepal
26%
46Nikaragua
26%
1,93 tysPakistan
26%
370Panama
26%
1Surinam
26%
7Zambia
26%
4Zimbabwe
26%
811Bangladesz
21%
3Benin
21%
1Botswana
21%
26Dżibuti
21%
3Eswatini
21%
21Gabon
21%
1Gambia
21%
12Gwinea Bissau
21%
12Gwinea Równikowa
21%
9Jordania
21%
205Kamerun
21%
30Liberia
21%
87Mali
21%
6Mjanma
21%
2Mozambik
21%
2Rwanda
21%
53Salwador
21%
47Sierra Leone
21%
7Tajwan
21%
22Bahrajn
16%
7Barbados
16%
2Brunei
16%
53Burkina Faso
16%
1Burundi
16%
1Gujana Francuska
16%
10Kostaryka
16%
7Malediwy
16%
3Palestyna
16%
4Republika Środkowoafrykańska
16%
11Sri Lanka
16%
4Hong Kong
11%
4Malawi
11%
5Republika Zielonego Przylądka
11%
12Wyspy Świętego Tomasza i Książeca
11%
3Antigua i Barbuda
5%
9Bermudy
5%
14Gwadelupa
5%
2Komory
5%
10Mauritius
5%
1Montserrat
5%
3Saint Martin
5%
8Trynidad i Tobago
5%
24Wyspa Man
5%
3Aruba
0%
11Bahamy
0%
1Brytyjskie Wyspy Dziewicze
0%
68Chad
0%
1Curacao
0%
13Diamond Princess
0%
1Kajmany
0%
71Lithuania
0%
7Magadaskar
0%
25Majotta
0%
14Matrynika
0%
4Monaco
0%
2MS Zaandam
0%
22Nowa Zeladnia
0%
1Reunion
0%
1Sahara Zachodnia
0%
15Sint Maarten
0%
58Thailand
0%
1Turks i Caicos
0%
46Wyspy Normandzkie
0%

Rozkład punktacji

Percentyl według liczby udzielonych odpowiedzi

Procent ludzi z każdym wynikiem

Twoja historia wyników

Nie rozwiązałeś tego quizu